| 000 | 00777nam a2200145 4500 | ||
|---|---|---|---|
| 999 |
_c311 _d311 |
||
| 020 | _a9781843981480 | ||
| 050 |
_aHF5381 _b.R75 |
||
| 100 | _aRoutledge Chris | ||
| 245 | _aPersonal Development and Management Skills | ||
| 260 |
_aLondon _bChartered Institute of Personnel Development _c2007 |
||
| 300 |
_ax, 208 p. _bill. _c24 cm. |
||
| 500 | _aIncludes index. | ||
| 505 | _aIntroduction.-- Part 1. The Process.-- The background to Adax.-- Awareness.-- Decision-making.-- Action.-- Excellence.--Part. 2. Critical variables.-- Experiential learning.--The brain and skill development.-- State: a prerequisite for skill development.-- The role of the senses in skill development.-- Personal characteristics and learning.-- Summary and conclusion.-- Appendix. | ||
| 942 | _cBK | ||